000 00554nam a2200205Ia 4500
008 160319s9999 xx 000 0 und d
020 _a9715693040
050 _a920
050 _bR767r 1998
100 _aRomulo, Carlos P.
245 4 _aThe Romula Reader /
245 _cCarlos P. Romulo
260 _aMakati :
260 _bBookmark Inc.
260 _c2001
300 _a166 pages :
300 _billustrations, ports :
650 _aDiplomatic and consular services -- Philippines-- Biography.
650 _aRomulo, Carlos P., 1898-1985.
999 _c292235
_d292235